Statistics for 5 Biggest Cities in U.S. States that start with letter M

Click here to take the quiz!

General Stats

  • This quiz has been taken 212 times
  • The average score is 18 of 40

Answer Stats

HintAnswer% Correct
MinnesotaMinneapolis
96%
MassachusettsBoston
83%
MichiganDetroit
83%
MississippiJackson
76%
MissouriSt. Louis
75%
MarylandBaltimore
73%
MinnesotaSt.Paul
70%
MissouriKansas City
69%
MainePortland
64%
MontanaBillings
61%
MichiganLansing
60%
MichiganGrand Rapids
57%
MassachusettsSpringfield
57%
MissouriSpringfield
57%
MassachusettsWorcester
52%
MaineBangor
49%
MinnesotaDuluth
48%
MontanaMissoula
45%
MassachusettsCambridge
43%
MarylandColumbia
42%
MissouriColumbia
42%
MississippiBiloxi
41%
MontanaBozeman
41%
MinnesotaRochester
39%
MassachusettsLowell
36%
MississippiGulfport
34%
MontanaGreat Falls
29%
MaineLewiston
27%
MissouriIndependence
25%
MinnesotaBloomington
24%
MarylandFrederick
24%
MichiganWarren
24%
MississippiHattiesburg
22%
MarylandSilver Spring
22%
MichiganSterling Heights
21%
MaineSouth Portland
18%
MarylandGermantown
11%
MississippiSouthaven
11%
MaineAuburn
10%
MontanaButte-Silver Bow
3%

Score Distribution

Percentile by Number Answered

Percent of People with Each Score

Your Score History

You have not taken this quiz